000 01261nam a2200349 a 4500
999 _c532460
_d532460
001 1209814
003 NUST
005 20191121111359.0
008 980212s1997 enka bf 000 0 eng d
010 _a 98227905
015 _aGB98-16305
020 _a0727726099
035 _a(OCoLC)38422846
038 _aMSOHAIL
040 _aUkNcU
_cUkNcU
_dAzTeS
_dUk
_dDLC
042 _alccopycat
050 0 0 _aTD491
_b.B87 1997
082 0 0 _a628.1/5/0288
_221
100 1 _aBurstall, Tim,
_d1954-
_925997
245 1 0 _aBulk water pipelines /
_cTim Burstall.
260 _aLondon :
_bThomas Telford,
_c1997.
300 _axxi, 183 p. :
_bill. ;
_c24 cm.
504 _aIncludes bibliographical references (p. [164]-[167]).
650 0 _aWater-pipes
_xMaintenance and repair
_xHandbooks, manuals, etc.
_925998
650 0 _aWater-pipes
_xDesign and construction
_xHandbooks, manuals, etc.
_925999
650 0 _aPipelines
_xDesign and construction
_xHandbooks, manuals, etc.
_926000
650 0 _aPipelines
_xMaintenance and repair
_xHandbooks, manuals, etc.
_926001
650 0 _aWater
_xDistribution.
_96213
906 _a7
_bcbc
_ccopycat
_d2
_encip
_f19
_gy-gencatlg
942 _2ddc
_cBK